Moçambique (Record no. 45757)

MARC details
000 -Etiqueta do registo
Valores 00429nam a2200157 4500
100 ## - Dados gerais de processamento
Dados gerais 20260302 pory50
101 ## - Língua de publicação
Língua por
102 ## - País de publicação
País MOÇ
200 ## - Titulo e menção de responsabilidade
Título próprio Moçambique
Informação de outro título documentário trimestral
Primeira menção de responsabilidade org. ed. Imprensa Nacional de Moçambique
210 ## - Publicação
Local de publicação Lourenço Marques
Nome do editor Imprensa Nacional de Moçambique
Data de publicação 1942
215 ## - Descrição física 
Paginação / Volumes v.
675 ## - CDU
Notação 908(679)(05)
801 ## - Fonte de origem
País PT
Regras de catalogação RPC
990 ## - Elementos KOHA
Tipo de documento Jornais e Revistas
Holdings
Aquisição Empréstimo Código de barras Cota Permissão de empréstimo Tipo de documento Nota relativa ao exemplar
Biblioteca Municipal de Redondo Biblioteca Municipal de Redondo 056990 908(679)(05)   Livro 1942 n.º 31

Powered by Koha